000 00933nam a2200277 i 4500
001 10840
003 KOSZ 005
005 20220407123014.0
008 071027s1968 pl a f 001 0 pol
015 _aPB 1968/4748
040 _aWA N
_cKOSZ 005/RW
_dKOSZ 005/RW
080 _a624:539.3/.6
100 1 _aKączkowski, Zbigniew
_d(1921-2018)
_eAutor
245 1 0 _aPłyty :
_bobliczenia statyczne /
_cZbigniew Kączkowski.
260 _aWarszawa :
_b"Arkady",
_c1968.
300 _a512 s. :
_bil. ;
_c25 cm.
380 _aKsiążki.
504 _aBibliogr. s. [501]-507. Indeks.
650 4 _aPłyty konstrukcyjne
650 4 _aSprężystość
650 4 _aStatyka budowlana
658 _aArchitektura i budownictwo
710 2 _aWydawnictwo Arkady
_4pbl.
856 _uhttp://koha.tu.koszalin.pl/cgi-bin/koha/opac-detail.pl?biblionumber=10840
_yKatalog online BPK
942 _2UKD
_cKS
999 _c10840
_d10840